00539nam a2200193Ia 4500003000400000005001700004008004100021020003000062040001700092082001500109100002700124245008500151250001100236260002800247300001600275650001200291650001500303700002700318IIN20240104152535.0231217s9999 xx 000 0 und d cRs.2795.00a9780321798626 aIINbEnglish a612 bMAR1 aMartini, Frederic H. 1 aEssentials of Anatomy & Physiology /cFrederic H. Martini & Edwin F. Bartholomew a6th ed bPearsonaNew Yorkc2013 axxxv, 704p.1 aAnatomy1 aPhysiology1 aBartholomew, Edwin F.